Visual basic 6.0

Bibliographic Details
Format: Book
Subjects:

MARC

LEADER 00000cam a2200000 7i4500
001 0000010166
005 20030505.0
020 |a 157222374x 
040 |a INS 
090 0 0 |a QA76.73.B3   |b M523 
245 1 0 |a Visual basic 6.0 
650 0 0 |a Visual Basic (Computer program language) 
999 |a 0000009386   |b BOOK   |c Open Shelf   |e Default branch